Reinos ficticios por historia - Estadísticas

Estadísticas generales
  • Esta prueba ha sido intentada 53 veces
  • La puntuación promedio es 8 de 16
Estadísticas de respuestas
Reino Historia % Correcto
Oz El Mago de Oz
96%
Mordor El Señor de los Anillos
94%
Muy Muy Lejano Shrek
81%
Reino Champiñón Mario Bros
75%
Naboo Star Wars
69%
Wakanda Black Panther
67%
Agrabah Aladdin
63%
Erebor El Hobbit
50%
Arendelle Frozen
50%
Panem Los Juegos del Hambre
42%
Tierra de Ooo Hora de aventura
38%
Valyria Game of Thrones
31%
Genovia El diario de la princesa
23%
Rosas Wish
8%
Illiria Noche de Reyes | La Duodécima Noche
4%
Zamunda Un príncipe en Nueva York
4%
No se encontraron pruebas coincidentes
Distribución de puntuación
Porcentaje de gente con cada puntuación
Porcentaje por número respondido
Historial de tus puntuaciones
No has intentado esta prueba.